000 01502nam a2200373 i 4500
001 193093
003 ES-VlRAB
005 20240708063024.0
007 ta
008 230727s2002 sp 000 0 spa d
017 _aS 1174-2002
020 _a8478522115
035 _aCCBIP06776756
040 _aVA-BCL,
_bspa
_cES-MaACL
080 _a725.17(460.185 V.)
100 1 _aAltés Bustelo, José.
_9233933
245 1 0 _aPlan Director del Palacio Real de Valladolid
_b: avance /
_cautores, José Altés Bustelo, Javier Rivera Blanco, Javier Pérez Gil.
260 _a[Valladolid] :
_bEditora Provincial, Diputación Provincial de Valladolid,
_c[2002]
300 _a129 p. :
_bil. ;
_c21x21 cm.
336 _2rdacontent
_aTexto
337 _2rdamedia
_asin mediación
338 _2rdacarrier
_avolumen
500 _aCatalogación provisional. Signatura: N 8575. Depósito J.
610 2 4 _aPalacio Real (Valladolid)
_9233934
700 0 _aRivera Blanco, José Javier,
_d1954-
_997637
700 1 _aPérez Gil, Javier,
_d1977-
_9233935
710 0 _aValladolid (Provincia).
_bDiputación
_97542
852 _aES-MaACL
_9200401
_bR.153110
_jN-8575
_cDEPOJ
_hDonación: Editora Provincial. Excma. Diputación Provincial de Valladolid
_zEn proceso
942 _n0
_cMONOGRAFIA
999 _c193093
_d193093